Statistiken für Personen: Wer würde auf Deutsch SO heißen?

Klicken Sie hier um das Quiz zu spielen!

Allgemein

  • Dieses Quiz wurde 69 mal gespielt
    (56 seit der letzten Aktualisierung)
  • Das Durchschnittsergebnis liegt bei 3 aus 12

Antwortstatistiken

auf Deutsch…aus……Original% Korrekt
Klaus Ostwald🇺🇸Clint Eastwood
74%
Martina Dreher🇺🇸Tina Turner
44%
Michael Engel🇮🇹Michelangelo
43%
Brigitte Schäfer🇫🇷Brigitte Bardot
35%
Katarina Vonneun🇫🇷Catherine Deneuve
28%
Schneider Flink🇺🇸Taylor Swift
28%
Thomas Reiseflug🇺🇸Tom Cruise
11%
Christoph Tauber🇮🇹Christopher Kolumbus
9%
Johannes Wagner🇺🇸John Wayne
9%
Gerd Böttcher🇺🇸Gary Cooper
6%
Benedikt Krumm🇺🇸Barack Obama
2%
Heinz Schmidt🇮🇹Enzo Ferrari
2%

Verteilung der Resultate

Perzentil nach korrekt beantworteten Fragen

Anzahl Personen mit jedem Resultat

Ihre Resultats-Entwicklung

Sie haben dieses Quiz seit der letzten Aktualisierung nicht gespielt